Europa auf dem Weg in die Moderne : (Titelsatznr. 37946)
[ MARC ]
| 000 -Satzkennung | |
|---|---|
| Kontrollfeld mit fester Länge | 00600nam a22002171c 4500 |
| 001 - Kontrollnummer | |
| Kontrollfeld | a987674534 |
| 008 - Feld mit fester Länge zur physischen Beschreibung - Allgemeine Angaben | |
| Kontrollfeld mit fester Länge | 151002s2004 gw |||| 000u ger d |
| 020 ## - Internationale Standardbuchnummer | |
| Internationale Standardbuchnummer | 3486488910 |
| Verknüpfung | 3-486-48891-0 |
| 041 ## - Sprachcode | |
| Sprachcode des Textes/der Tonspur oder des separaten Titels | ger |
| 040 ## - Katalogisierungsquelle | |
| Übertragungsstelle | RU-10907106 |
| 003 - Kontrollnummer Identifier | |
| Kontrollfeld | RU-10907106 |
| 100 1# - Haupteintragung - Personenname | |
| Personenname | Gall, Lothar |
| 245 00 - Titel | |
| Titel | Europa auf dem Weg in die Moderne : |
| Zusatz zum Titel | 1850 - 1890 / |
| Verfasserangabe etc. | von Lothar Gall |
| 264 ## - Produktion, Veröffentlichung, Distribution, Herstellung und Urheberrechtsvermerk | |
| Herstellungs-, Veröffentlichungs- Vertriebs-, Erzeugungsort | München [u.a.] : |
| Produzent, Herausgeber, Distributor, Hersteller | Oldenbourg, |
| Datum der Herstellung, der Veröffentlichung, des Vertriebs oder des Urheberschutzvermerks | 2004 |
| 300 ## - Physische Beschreibung | |
| Umfang | IX, 327 S. : Kt |
| 490 #0 - Gesamttitelangabe | |
| Gesamttitelangabe | Oldenbourg-Grundriß der Geschichte |
| Bandnummer/Folgebezeichnung | 14 |
| 650 #0 - Nebeneintragung unter einem Schlagwort - Sachschlagwort | |
| Sachschlagwort oder geografischer Name als Eintragungselement | Liberalismus |
| 650 #0 - Nebeneintragung unter einem Schlagwort - Sachschlagwort | |
| Sachschlagwort oder geografischer Name als Eintragungselement | Imperialismus |
| 651 #0 - Nebeneintragung unter einem Schlagwort - Geografischer Name | |
| Geografischer Name | Europa |
| 942 ## - Zusätzliche Felder (Koha) | |
| Koha-Medientyp | Monographien |
| Ausgeschieden | Verloren | Klassifikation oder Aufstellungssystematik | Beschädigt | Nicht entleihbar | Heimatbibliothek | Aufenthaltsbibliothek | Aufstellungsort | Erwerbungsdatum | Inventarnummer | Signatur | Barcode | Letzte Aktivität | Preis gültig von | Koha-Medientyp |
|---|---|---|---|---|---|---|---|---|---|---|---|---|---|---|
| Andere/Generische Klassifikation | MWN Osteuropa | MWN Osteuropa | Lesesaal - 1 | 02/10/2015 | 15-01053 Ersatzß | W 53 C b Gal | E0040150790F023F | 23/02/2021 | 22/03/2021 | Monographien |